LEADER 03284oas 2201225 a 450 001 9910143077303321 005 20260127110404.0 011 $a2040-7947 035 $a(OCoLC)501852995 035 $a(CONSER) 2010254003 035 $a(CKB)1000000000774344 035 $a(DE-599)2540968-2 035 $a(EXLCZ)991000000000774344 100 $a20100125a20109999 uy a 101 0 $aeng 135 $aurcnu|||||||| 181 $ctxt$2rdacontent 182 $cc$2rdamedia 183 $acr$2rdacarrier 200 00$aInternational journal for numerical methods in biomedical engineering 210 $a[Chichester, England] ;$a[New York] $cJohn Wiley & Sons, Ltd 215 $a1 online resource 300 $aRefereed/Peer-reviewed 311 08$a2040-7939 531 10$aInt. j. numer. meth. biomed. engng. 606 $aNumerical analysis$vPeriodicals 606 $aEngineering mathematics$vPeriodicals 606 $aBiomedical engineering$vPeriodicals 606 $aMathematical Computing 606 $aModels, Theoretical 606 $aMathematical Concepts 606 $aBiomedical Engineering$xmethods 606 $aBiomedical engineering$2fast$3(OCoLC)fst00832568 606 $aEngineering mathematics$2fast$3(OCoLC)fst00910601 606 $aNumerical analysis$2fast$3(OCoLC)fst01041273 606 $aAnalyse nume?rique$vPe?riodiques 606 $aMathe?matiques de l'inge?nieur$vPe?riodiques 606 $aGe?nie biome?dical$vPe?riodiques 606 $amathematical models$2aat 608 $aPeriodical. 608 $aPeriodicals.$2fast 608 $aPeriodicals.$2lcgft 615 0$aNumerical analysis 615 0$aEngineering mathematics 615 0$aBiomedical engineering 615 2$aMathematical Computing. 615 2$aModels, Theoretical. 615 2$aMathematical Concepts. 615 2$aBiomedical Engineering$xmethods. 615 7$aBiomedical engineering. 615 7$aEngineering mathematics. 615 7$aNumerical analysis. 615 6$aAnalyse nume?rique 615 6$aMathe?matiques de l'inge?nieur 615 6$aGe?nie biome?dical 615 7$amathematical models. 801 0$bCUS 801 1$bCUS 801 2$bCUS 801 2$bDLC 801 2$bHEBIS 801 2$bUKMGB 801 2$bMYG 801 2$bOCLCQ 801 2$bOCLCF 801 2$bOCLCQ 801 2$bOCLCO 801 2$bOCLCQ 801 2$bDLC 801 2$bOCLCQ 801 2$bZ5A 801 2$bOCLCO 801 2$bNJR 801 2$bOCLCQ 801 2$bOCLCO 801 2$bNLE 801 2$bOCLCA 801 2$bOCLCQ 801 2$bAU@ 801 2$bOCLCO 801 2$bWYU 801 2$bU3W 801 2$bVT2 801 2$bOCLCO 801 2$bOCLCA 801 2$bNJT 801 2$bSFB 801 2$bOCLCA 801 2$bCNMTR 801 2$bOCLCQ 801 2$bOCLCO 801 2$bBWN 801 2$bUBY 801 2$bOCLCQ 801 2$bUAB 801 2$bLHL 801 2$bOCLCL 801 2$bSRU 801 2$bVLY 801 2$bLGG 801 2$bWT2 906 $aJOURNAL 912 $a9910143077303321 996 $aInternational journal for numerical methods in biomedical engineering$91908904 997 $aUNINA